Hercules doesn't pull teeth / (Record no. 1038)

MARC details
000 -LEADER
fixed length control field 01212cam a22003133a 4500
005 - DATE AND TIME OF LATEST TRANSACTION
control field 20230908152645.0
020 ## - INTERNATIONAL STANDARD BOOK NUMBER
International Standard Book Number 078073003501
040 ## - CATALOGING SOURCE
Original cataloging agency BVD
Transcribing agency BVD
Modifying agency OCO
-- JED
-- IHI
-- OCL
-- DLC
Language of cataloging eng
050 00 - LIBRARY OF CONGRESS CALL NUMBER
Classification number PZ7.D128
082 ## - DEWEY DECIMAL CLASSIFICATION NUMBER
Classification number Fic
100 1# - MAIN ENTRY--PERSONAL NAME
Personal name Dadey, Debbie.
245 10 - TITLE STATEMENT
Title Hercules doesn't pull teeth /
Statement of responsibility, etc. by Debbie Dadey and Marcia Thornton Jones ; illustrated by John Steven Gurney.
260 ## - PUBLICATION, DISTRIBUTION, ETC.
Place of publication, distribution, etc. New York :
Name of publisher, distributor, etc. Scholastic,
Date of publication, distribution, etc. 1998.
300 ## - PHYSICAL DESCRIPTION
Extent 70 pages :
Other physical details illustrations;
Dimensions 20 cm
490 ## - SERIES STATEMENT
Series statement The Adventures of the Bailey School kids
Volume/sequential designation Book 30
500 ## - GENERAL NOTE
General note "Little Apple paperback."
505 ## - FORMATTED CONTENTS NOTE
Formatted contents note N <br/>
520 ## - SUMMARY, ETC.
Summary, etc. There are some pretty weird grown-ups living in Bailey City. But could the dentist who has extra-large muscles and talks of being champion of the world really be Hercules, the strongest man in the world? The Bailey School kids are going to find out!
521 0# - TARGET AUDIENCE NOTE
Target audience note 560 <br/>
Source Lexile <br/>
521 1# - TARGET AUDIENCE NOTE
Target audience note N <br/>
Source Raz-Plus <br/>
650 #0 - SUBJECT ADDED ENTRY--TOPICAL TERM
Topical term or geographic name entry element Dentists
Form subdivision Fiction.
650 #0 - SUBJECT ADDED ENTRY--TOPICAL TERM
Topical term or geographic name entry element Schools
Form subdivision Fiction.
655 #7 - INDEX TERM--GENRE/FORM
Genre/form data or focus term Children's stories.
Source of term lcsh
700 1# - ADDED ENTRY--PERSONAL NAME
Personal name Jones, Marcia Thornton.
700 1# - ADDED ENTRY--PERSONAL NAME
Personal name Gurney, John.
906 ## - LOCAL DATA ELEMENT F, LDF (RLIN)
a 7
b cbc
c copycat
d 2
e ncip
f 19
g y-genrareb
942 ## - ADDED ENTRY ELEMENTS (KOHA)
Source of classification or shelving scheme Dewey Decimal Classification
Koha item type Books
Suppress in OPAC No
999 ## -
-- 1038
-- 1038
Holdings
Withdrawn status Lost status Source of classification or shelving scheme Damaged status Not for loan Collection Home library Current library Shelving location Date acquired Total Checkouts Full call number Barcode Date last seen Price effective from Koha item type
    Dewey Decimal Classification     Juvenile Fiction Footprints International School Library Network Toul Kork Campus Footprints International School Library Network Toul Kork Campus   07/19/2023   DAD Fic PZ7.D128 FISBK00521 07/19/2023 07/19/2023 Books